| 000 | 00952nam a2200301 i 4500 | ||
|---|---|---|---|
| 001 | 853810 | ||
| 003 | OSt | ||
| 005 | 20230620094351.0 | ||
| 008 | 781121s1977 sw a b 000 0 eng | ||
| 010 | _a 78317475 | ||
| 015 | _aS*** | ||
| 020 | _a9171061215 | ||
| 040 |
_aDLC _cDLC _dDLC |
||
| 043 | _af-ke--- | ||
| 050 | 0 | 0 | _aHN793.Z |
| 082 | 0 | 0 |
_a309.2 _bMBI |
| 100 | 1 | _aMbithi, Philip M. | |
| 245 | 1 | 0 |
_aSelf reliance in Kenya : _bthe case of Harambee / _cPhilip M. Mbithi and Rasmus Rasmusson. |
| 260 |
_aUppsala : _bScandinavian Institute of African Studies : [Stockholm : distributed by Alqvist & Wicksell], _c1977. |
||
| 300 |
_a177 p. : _bill. ; _c22 cm. |
||
| 504 | _aBibliography: p. 170-172. | ||
| 650 | 0 |
_aCommunity development _zKenya. |
|
| 650 | 0 |
_aPolitical participation _zKenya. |
|
| 700 | 1 |
_aRasmusson, Rasmus, _ejoint author. |
|
| 740 | _aHarambee. | ||
| 906 |
_a7 _bcbc _corignew _d3 _encip _f19 _gy-gencatlg |
||
| 942 |
_2ddc _cBK |
||
| 999 |
_c1513 _d1513 |
||